[Event "Junior Online 4NCL Division 3"]
[Site "online"]
[Date "2020.10.29"]
[Round "6.48"]
[White "Liu, Haoqi"]
[Black "Parikh, Aadhya"]
[Result "1-0"]
[WhiteElo "200"]
[BlackElo "700"]
[PlyCount "29"]
[EventDate "2020.10.29"]
[WhiteTeam "Dundee City"]
[BlackTeam "Harrow Juniors F"]

1. e4 e5 2. Bc4 Nc6 3. Nf3 Nf6 4. Nc3 Bb4 5. O-O d6 6. a3 Bxc3 7. bxc3 Bg4 8.
Be2 Bxf3 9. Bxf3 Nh5 10. Bxh5 Na5 11. Rb1 O-O 12. Qg4 f6 13. d3 b6 14. Bh6 Kh8
15. Qxg7# 1-0

[Event "Junior Online 4NCL Division 3"]
[Site "online"]
[Date "2020.10.29"]
[Round "6.51"]
[White "Israni, Ishita"]
[Black "Prashanth, Shashank"]
[Result "0-1"]
[WhiteElo "364"]
[BlackElo "992"]
[PlyCount "62"]
[EventDate "2020.10.29"]
[WhiteTeam "East Kilbride Rooks"]
[BlackTeam "Leicestershire Juniors 5"]

1. e4 c5 2. Nf3 Nc6 3. Nc3 g6 4. Bc4 Bg7 5. O-O e6 6. d3 Nge7 7. Bf4 O-O 8. Qd2
e5 9. Bg5 Kh8 10. Qe3 f6 11. Bh6 g5 12. Bxg7+ Kxg7 13. Qxc5 b6 14. Qe3 Nb4 15.
Rfc1 Bb7 16. d4 exd4 17. Qxd4 Nbc6 18. Qe3 Re8 19. e5 Nf5 20. Qe4 Nd6 21. Qe2
Nxc4 22. Qxc4 fxe5 23. Ne4 h6 24. Nd6 Na5 25. Qd3 e4 26. Qd4+ Qf6 27. Nxe8+
Rxe8 28. Qxd7+ Re7 29. Qa4 exf3 30. gxf3 Qxf3 31. Rd1 Qg2# 0-1

[Event "Junior Online 4NCL Division 3"]
[Site "online"]
[Date "2020.10.29"]
[Round "6.52"]
[White "Das, Anish"]
[Black "Biswas, Snigdha"]
[Result "1-0"]
[WhiteElo "887"]
[BlackElo "300"]
[PlyCount "85"]
[EventDate "2020.10.29"]
[WhiteTeam "Leicestershire Juniors 5"]
[BlackTeam "East Kilbride Rooks"]

1. e4 e5 2. Nf3 Nc6 3. d4 exd4 4. Nxd4 Nf6 5. f3 d5 6. Nb3 dxe4 7. Nc3 exf3 8.
Qxf3 Bg4 9. Qe3+ Be7 10. h3 Be6 11. Bb5 Bb4 12. Nd4 Bc5 13. Bxc6+ bxc6 14. Nce2
Bxd4 15. Nxd4 c5 16. Nxe6 fxe6 17. Qxe6+ Qe7 18. Qxe7+ Kxe7 19. Be3 Rhe8 20.
Bxc5+ Kd7+ 21. Kd2 Rab8 22. b3 a6 23. Rhe1 Red8 24. Re3 Kc6+ 25. Kc3 Kxc5 26.
Re6 Nd5+ 27. Kb2 Rf8 28. Rae1 Nf4 29. Rxa6 Nxg2 30. Re5+ Kd4 31. Raa5 Rfd8 32.
c3+ Kd3 33. Rg5 Rg8 34. Rxg2 h6 35. Rh5 c5 36. Rxc5 g5 37. Rg3+ Ke4 38. Rg4+
Kf3 39. Rd5 Rbf8 40. Rd3+ Ke2 41. Kc2 Rf4 42. Rg2+ Ke1 43. Rd1# 1-0

[Event "Junior Online 4NCL Division 3"]
[Site "online"]
[Date "2020.10.29"]
[Round "6.53"]
[White "Bhattacharjee, Aaditya"]
[Black "Friedersdorff, Finlay"]
[Result "1/2-1/2"]
[WhiteElo "250"]
[BlackElo "887"]
[PlyCount "61"]
[EventDate "2020.10.29"]
[WhiteTeam "East Kilbride Rooks"]
[BlackTeam "Leicestershire Juniors 5"]

1. e4 e5 2. Nc3 Nf6 3. Bc4 d6 4. h3 Nc6 5. f4 Be7 6. d3 d5 7. Nxd5 Nxd5 8. Bxd5
Bh4+ 9. Kf1 Nd4 10. fxe5 f6 11. Qh5+ g6 12. Qxh4 fxe5 13. Bg5 Rf8+ 14. Ke1 Qd7
15. Rc1 c6 16. Bc4 b5 17. Bb3 a5 18. a3 a4 19. Ba2 b4 20. axb4 a3 21. b3 Rb8
22. c3 Nf5 23. exf5 Qxf5 24. Bh6 g5 25. Qh5+ Rf7 26. Bb1 Qf2+ 27. Kd1 Qf1+ 28.
Kd2 Qf2+ 29. Kd1 Qf1+ 30. Kd2 Qf2+ 31. Kd1 1/2-1/2

[Event "Junior Online 4NCL Division 3"]
[Site "online"]
[Date "2020.10.29"]
[Round "6.54"]
[White "Abraham, Lexi"]
[Black "Vusikala, Tarun"]
[Result "1-0"]
[WhiteElo "850"]
[BlackElo "103"]
[PlyCount "145"]
[EventDate "2020.10.29"]
[WhiteTeam "Leicestershire Juniors 5"]
[BlackTeam "East Kilbride Rooks"]

1. e4 e5 2. Nf3 Nc6 3. Nc3 Nf6 4. d4 exd4 5. Nxd4 Nxd4 6. Qxd4 Bd6 7. Bc4 O-O
8. e5 Bxe5 9. Qd3 Bxc3+ 10. Qxc3 d5 11. Bb5 c6 12. Bd3 d4 13. Qc5 Nd7 14. Qc4
Ne5 15. Qb4 Nxd3+ 16. cxd3 Bf5 17. Qc4 Qd5 18. O-O Qxc4 19. dxc4 Be6 20. c5
Rfd8 21. Bd2 Rd5 22. b4 b6 23. cxb6 axb6 24. a4 b5 25. a5 Re5 26. Bf4 Re4 27.
Bd6 Rg4 28. a6 Bd5 29. a7 Rxg2+ 30. Kh1 Rxf2+ 31. Kg1 Rg2+ 32. Kh1 Rf2+ 33. Kg1
Rxf1+ 34. Kxf1 c5 35. Bb8 cxb4 36. Bd6 d3 37. Ke1 Bf3 38. Kd2 b3 39. Kc3 b2 40.
Kxb2 d2 41. Kc2 d1=Q+ 42. Rxd1 Bxd1+ 43. Kxd1 f5 44. Bc5 Rf8 45. Bxf8 Kxf8 46.
a8=Q+ Kf7 47. Qd5+ Kf6 48. Qxb5 f4 49. Qc6+ Kf5 50. Qd5+ Kg4 51. Qe4 h5 52. h3+
Kxh3 53. Qxf4 Kg2 54. Qg5+ Kh2 55. Qxh5+ Kg2 56. Qg6+ Kf2 57. Qxg7 Kf3 58. Qg5
Ke4 59. Qg3 Kd5 60. Qf4 Kc6 61. Qe5 Kb6 62. Qd5 Kc7 63. Qe6 Kb7 64. Qd6 Kc8 65.
Qe7 Kb8 66. Qd7 Ka8 67. Kd2 Kb8 68. Kd3 Ka8 69. Kd4 Kb8 70. Kc5 Ka8 71. Kb6 Kb8
72. Qc7+ Ka8 73. Qb7# 1-0

[Event "Junior Online 4NCL Division 3"]
[Site "online"]
[Date "2020.10.29"]
[Round "6.55"]
[White "Prashanth, Shashank"]
[Black "Israni, Ishita"]
[Result "0-1"]
[WhiteElo "992"]
[BlackElo "364"]
[PlyCount "68"]
[EventDate "2020.10.29"]
[WhiteTeam "Leicestershire Juniors 5"]
[BlackTeam "East Kilbride Rooks"]

1. c4 e5 2. Nc3 Nc6 3. g3 Nf6 4. Bg2 Bc5 5. e3 d6 6. Nge2 Be6 7. d3 d5 8. O-O
dxc4 9. dxc4 Qe7 10. b3 O-O 11. f4 exf4 12. Nxf4 Bg4 13. Bf3 Bxf3 14. Qxf3 Rad8
15. Nfd5 Nxd5 16. Nxd5 Qg5 17. Kh1 Ne5 18. Qf5 Qxf5 19. Rxf5 Nd3 20. Bd2 Rde8
21. Rf3 Ne5 22. Rf5 c6 23. Nc7 Re7 24. Re1 Nd3 25. Ref1 Rxc7 26. Bc3 Re8 27.
Rg5 g6 28. Rd1 Rxe3 29. a3 Nf2+ 30. Kg2 Nxd1 31. Ba1 Re2+ 32. Kf3 Ra2 33. Be5
Re7 34. Bf6 Rf2+ 0-1

[Event "Junior Online 4NCL Division 3"]
[Site "online"]
[Date "2020.10.29"]
[Round "6.56"]
[White "Biswas, Snigdha"]
[Black "Das, Anish"]
[Result "0-1"]
[WhiteElo "300"]
[BlackElo "887"]
[PlyCount "52"]
[EventDate "2020.10.29"]
[WhiteTeam "East Kilbride Rooks"]
[BlackTeam "Leicestershire Juniors 5"]

1. e4 c5 2. Nc3 Nc6 3. Nf3 e6 4. d4 cxd4 5. Nxd4 d5 6. Nxc6 bxc6 7. exd5 cxd5
8. Bb5+ Bd7 9. Ba6 Bb4 10. Bd2 Nf6 11. Bb7 Rb8 12. Ba6 O-O 13. O-O Qb6 14. Bd3
Bc6 15. Bg5 Nd7 16. Qf3 h6 17. Bd2 d4 18. Ne4 Bxe4 19. Bxe4 Bxd2 20. b3 Bb4 21.
Bd3 Ne5 22. Qe4 Nxd3 23. Qxd3 Bd6 24. c4 Bc7 25. a4 Qd6 26. Rab1 Qxh2# 0-1

[Event "Junior Online 4NCL Division 3"]
[Site "online"]
[Date "2020.10.29"]
[Round "6.57"]
[White "Friedersdorff, Finlay"]
[Black "Bhattacharjee, Aaditya"]
[Result "0-1"]
[WhiteElo "887"]
[BlackElo "250"]
[PlyCount "20"]
[EventDate "2020.10.29"]
[WhiteTeam "Leicestershire Juniors 5"]
[BlackTeam "East Kilbride Rooks"]

1. e4 e5 2. Nf3 Nf6 3. Bc4 Nc6 4. Nc3 Bc5 5. d3 h6 6. d4 exd4 7. Nxd4 Bxd4 8.
Qf3 Be5 9. Bxf7+ Kxf7 10. Qh5+ Nxh5 0-1

[Event "Junior Online 4NCL Division 3"]
[Site "online"]
[Date "2020.10.29"]
[Round "6.58"]
[White "Vusikala, Tarun"]
[Black "Abraham, Lexi"]
[Result "1-0"]
[WhiteElo "103"]
[BlackElo "850"]
[PlyCount "129"]
[EventDate "2020.10.29"]
[WhiteTeam "East Kilbride Rooks"]
[BlackTeam "Leicestershire Juniors 5"]

1. e4 c5 2. Nf3 Nc6 3. Nc3 e5 4. Bc4 a6 5. O-O b5 6. Nxb5 axb5 7. Bxb5 Nf6 8.
d3 Bd6 9. Bd2 O-O 10. Bc3 Nd4 11. Nxd4 cxd4 12. Bd2 Bc5 13. Qe1 d5 14. exd5
Nxd5 15. Qxe5 Bd6 16. Qxd5 Bxh2+ 17. Kxh2 Qxd5 18. Bc4 Qe5+ 19. Kg1 Qg5 20.
Bxg5 h6 21. Bd2 Bg4 22. Bd5 Rad8 23. Bb4 Rfe8 24. Bc6 Re6 25. Ba5 Rdd6 26. Bb4
Rxc6 27. Rfe1 Rg6 28. Re8+ Kh7 29. Rae1 Rxc2 30. Rb1 Bh3 31. g3 Bg4 32. Re7 f5
33. a4 Rcc6 34. Ra7 Be2 35. Ra1 Bxd3 36. a5 f4 37. a6 Bxa6 38. Bd2 fxg3 39.
fxg3 Rxg3+ 40. Kf2 Rgg6 41. Kf3 Bc8 42. Ke4 Rc4 43. b4 Rd6 44. b5 d3+ 45. Ke5
Rdd4 46. b6 Rb4 47. Bxb4 Rxb4 48. Rd1 Rb3 49. Ke4 Bg4 50. Rxd3 Rxd3 51. Kxd3
Bf5+ 52. Kd4 h5 53. b7 h4 54. b8=Q Kh6 55. Qh2 g5 56. Ra6+ Kh5 57. Qe2+ g4 58.
Ra5 Kg5 59. Qe3+ Kf6 60. Qf4 h3 61. Rxf5+ Kg6 62. Qxg4+ Kh6 63. Qxh3+ Kg6 64.
Qg4+ Kh6 65. Rh5# 1-0

[Event "Junior Online 4NCL Division 3"]
[Site "online"]
[Date "2020.10.29"]
[Round "6.61"]
[White "Menakaya, Léon"]
[Black "Kedikoglou, Elias"]
[Result "0-1"]
[WhiteElo "850"]
[BlackElo "1202"]
[PlyCount "76"]
[EventDate "2020.10.29"]
[WhiteTeam "Watford Juniors D"]
[BlackTeam "MCS Tenners"]

1. e4 e5 2. Nf3 Nc6 3. Bb5 d6 4. O-O Nf6 5. d3 a6 6. Bc4 b5 7. Bb3 Bg4 8. h3
Bxf3 9. Qxf3 Nd4 10. Qd1 Be7 11. Bg5 O-O 12. Qe1 a5 13. c3 a4 14. Bd1 Ne6 15.
c4 Nxg5 16. cxb5 Qb8 17. Bg4 h5 18. Be2 Qxb5 19. d4 Qxb2 20. Nd2 Qxd4 21. Bb5
Rab8 22. Bxa4 Qxa4 23. Nb3 Ngxe4 24. f3 Qa7+ 25. Kh1 Ng5 26. Qd2 Nd5 27. Qxd5
Qa6 28. Qd2 Ne6 29. Nc1 Bg5 30. Qd5 Qxf1+ 31. Kh2 Bf4+ 32. g3 Bxc1 33. Rb1 h4
34. Rxc1 Qxc1 35. gxh4 Qf4+ 36. Kg2 Rb2+ 37. Kf1 Qc1+ 38. Qd1 Qxd1# 0-1

[Event "Junior Online 4NCL Division 3"]
[Site "online"]
[Date "2020.10.29"]
[Round "6.63"]
[White "Kalavadia, Kunal"]
[Black "Pai, Ting-Kai"]
[Result "0-1"]
[WhiteElo "700"]
[BlackElo "812"]
[PlyCount "40"]
[EventDate "2020.10.29"]
[WhiteTeam "Watford Juniors D"]
[BlackTeam "MCS Tenners"]

1. e4 e5 2. Nf3 Nc6 3. g3 Bc5 4. Qe2 Nf6 5. Nc3 O-O 6. Na4 d6 7. b3 Nb4 8. Rb1
c6 9. Nc3 Be6 10. h3 d5 11. Rb2 d4 12. Na4 b6 13. Nxe5 Nxe4 14. Rh2 Bd5 15.
Nxc5 bxc5 16. f3 Nxg3 17. Qf2 Nf5 18. Qg2 Qh4+ 19. Kd1 Rae8 20. Ng4 Qe1# 0-1

[Event "Junior Online 4NCL Division 3"]
[Site "online"]
[Date "2020.10.29"]
[Round "6.65"]
[White "Kedikoglou, Elias"]
[Black "Menakaya, Léon"]
[Result "1-0"]
[WhiteElo "1202"]
[BlackElo "850"]
[PlyCount "53"]
[EventDate "2020.10.29"]
[WhiteTeam "MCS Tenners"]
[BlackTeam "Watford Juniors D"]

1. d4 e6 2. Nf3 d5 3. Bf4 Bb4+ 4. Nc3 Nc6 5. a3 Bd6 6. Bg5 Nf6 7. e3 O-O 8. Bd3
e5 9. dxe5 Nxe5 10. Nxd5 Nxf3+ 11. Qxf3 Qd7 12. Bxf6 gxf6 13. Nxf6+ Kg7 14.
Nxd7 Bxd7 15. Qh5 Bc5 16. Qxh7+ Kf6 17. b4 Bxb4+ 18. axb4 Bf5 19. Qxf5+ Ke7 20.
O-O c6 21. Qc5+ Kd7 22. Bf5+ Kc7 23. Ra5 f6 24. Rd1 Rf7 25. Qc4 Kb8 26. Qxf7 c5
27. Rd8# 1-0

[Event "Junior Online 4NCL Division 3"]
[Site "online"]
[Date "2020.10.29"]
[Round "6.66"]
[White "Manoj Kumar, Arth"]
[Black "Yao, Rian"]
[Result "0-1"]
[WhiteElo "850"]
[BlackElo "1157"]
[PlyCount "62"]
[EventDate "2020.10.29"]
[WhiteTeam "Watford Juniors D"]
[BlackTeam "MCS Tenners"]

1. e4 e5 2. Nf3 Nc6 3. Bc4 Bc5 4. d4 exd4 5. Bg5 f6 6. Bh4 Nge7 7. O-O d5 8.
exd5 Nxd5 9. Bb5 Bd7 10. Re1+ Be7 11. Qe2 a6 12. Bxc6 Bxc6 13. Bg3 O-O 14. Qe6+
Kh8 15. Nh4 Qd7 16. Qg4 Qxg4 17. f3 Qh5 18. Nd2 Ne3 19. Ne4 Bxe4 20. fxe4 Nxc2
21. Rac1 Nxe1 22. Rxe1 f5 23. exf5 Bxh4 24. Re5 Bxg3 25. hxg3 Rxf5 26. Rxf5
Qxf5 27. Kh2 d3 28. Kg1 d2 29. Kh2 Qh5+ 30. Kg1 d1=Q+ 31. Kf2 Qhe2# 0-1

[Event "Junior Online 4NCL Division 3"]
[Site "online"]
[Date "2020.10.29"]
[Round "6.67"]
[White "Pai, Ting-Kai"]
[Black "Kalavadia, Kunal"]
[Result "1-0"]
[WhiteElo "812"]
[BlackElo "700"]
[PlyCount "89"]
[EventDate "2020.10.29"]
[WhiteTeam "MCS Tenners"]
[BlackTeam "Watford Juniors D"]

1. d4 e6 2. c4 h6 3. Nc3 b6 4. Nf3 Nf6 5. e3 h5 6. Bd3 Be7 7. e4 Bb7 8. e5 Ng4
9. Qe2 c5 10. Be4 Bxe4 11. Nxe4 Nc6 12. d5 exd5 13. cxd5 Nb4 14. Bg5 Bxg5 15.
Nfxg5 Rf8 16. Nd6+ Ke7 17. O-O a6 18. h3 Nh6 19. Qxh5 f6 20. Nh7 Rh8 21. Nf5+
Nxf5 22. Qxf5 Nxd5 23. exf6+ gxf6 24. Rfe1+ Kf7 25. Qxd5+ Kg7 26. Nxf6 Qxf6 27.
Qxd7+ Qf7 28. Re7 Raf8 29. Rxf7+ Rxf7 30. Qg4+ Kf8 31. Rd1 Rhh7 32. Rd8+ Ke7
33. Qd7+ Kf6 34. Qd6+ Kg7 35. Qe5+ Rf6 36. Rd7+ Kg6 37. Rxh7 Kxh7 38. Qxf6 c4
39. Kh2 b5 40. Kg3 b4 41. Kg4 b3 42. axb3 cxb3 43. Kg5 Kg8 44. Kg6 a5 45. Qg7#
1-0

[Event "Junior Online 4NCL Division 3"]
[Site "online"]
[Date "2020.10.29"]
[Round "6.71"]
[White "Bleeg, Elliott"]
[Black "Adatia, Amar"]
[Result "0-1"]
[WhiteElo "1307"]
[BlackElo "1457"]
[PlyCount "121"]
[EventDate "2020.10.29"]
[WhiteTeam "Bristol Bishops"]
[BlackTeam "KJCA Young Kestrels F"]

1. e4 c5 2. Nf3 d6 3. d4 cxd4 4. Nxd4 Nf6 5. Nc3 a6 6. Bc4 e6 7. Bg5 Be7 8. O-O
b5 9. Bb3 b4 10. Bxf6 Bxf6 11. Nce2 Bb7 12. Qd3 O-O 13. c3 bxc3 14. bxc3 Nd7
15. Bc2 Nc5 16. Qf3 Be5 17. Qe3 Rc8 18. Nb3 Qc7 19. f4 Nxb3 20. axb3 Bxc3 21.
Nxc3 Qxc3 22. Qxc3 Rxc3 23. Bd1 Bxe4 24. Rxa6 Bd3 25. Rf3 Bxa6 26. Rxc3 Rc8 27.
Rxc8+ Bxc8 28. Kf2 Kf8 29. Ke3 Ke7 30. Kd4 Ba6 31. g4 Bb7 32. b4 Kd7 33. b5 Kc7
34. Ba4 Kb6 35. Kc4 Bd5+ 36. Kd4 Ka5 37. Bc2 Kxb5 38. Bxh7 Kc6 39. Bg8 f6 40.
f5 e5+ 41. Ke3 Bxg8 42. h4 Kc5 43. g5 fxg5 44. hxg5 d5 45. f6 gxf6 46. gxf6 d4+
47. Kd3 Bh7+ 48. Kd2 Bg6 49. Ke2 Kc4 50. Kd2 e4 51. Ke2 Kc3 52. Kd1 e3 53. Ke1
Kc2 54. Ke2 Bf7 55. Ke1 d3 56. Kf1 e2+ 57. Ke1 Kc1 58. Kf2 Kd1 59. Ke3 d2 60.
Kf2 e1=Q+ 61. Kf3 0-1

[Event "Junior Online 4NCL Division 3"]
[Site "online"]
[Date "2020.10.29"]
[Round "6.72"]
[White "Gaekwad, Ankit"]
[Black "Gunatilake, Dyansa"]
[Result "1-0"]
[WhiteElo "1517"]
[BlackElo "1202"]
[PlyCount "123"]
[EventDate "2020.10.29"]
[WhiteTeam "KJCA Young Kestrels F"]
[BlackTeam "Bristol Bishops"]

1. d4 d5 2. Bf4 Nc6 3. e3 Bf5 4. Nf3 Nf6 5. c3 e6 6. Nbd2 Bd6 7. Bg3 O-O 8. Be2
Re8 9. Ne5 Nxe5 10. dxe5 Bxe5 11. Bxe5 Nd7 12. Bg3 Nf6 13. Nf3 Qe7 14. O-O Rad8
15. Bd3 Bxd3 16. Qxd3 a6 17. Rad1 c6 18. Qc2 h6 19. Rfe1 Nd7 20. e4 dxe4 21.
Rxe4 Nf6 22. Red4 Rxd4 23. Rxd4 Rd8 24. Be5 c5 25. Rxd8+ Qxd8 26. Bxf6 Qxf6 27.
h3 Qd8 28. Ne5 f6 29. Ng6 f5 30. Ne5 b5 31. f4 a5 32. Qd3 Qe7 33. Qxb5 Qd6 34.
Qe8+ Qf8 35. Qxf8+ Kxf8 36. Kf2 Ke7 37. Ke3 Kd6 38. c4 a4 39. Kd3 h5 40. Kc3 h4
41. a3 g5 42. Nf7+ Ke7 43. Nxg5 Kd6 44. b3 e5 45. Nf7+ Ke6 46. Nxe5 axb3 47.
Kxb3 Kd6 48. a4 Kc7 49. Kc3 Kb6 50. Kd3 Ka5 51. Nd7 Kxa4 52. Nxc5+ Kb4 53. Kd4
Ka5 54. Kd5 Kb4 55. Ne6 Ka5 56. c5 Kb5 57. Kd6 Ka6 58. c6 Kb6 59. Kd7 Kb5 60.
c7 Kc4 61. c8=Q+ Kd5 62. Qc6# 1-0

[Event "Junior Online 4NCL Division 3"]
[Site "online"]
[Date "2020.10.29"]
[Round "6.73"]
[White "Saha, Soumil"]
[Black "Barton, Ben"]
[Result "0-1"]
[WhiteElo "1060"]
[BlackElo "1442"]
[PlyCount "52"]
[EventDate "2020.10.29"]
[WhiteTeam "Bristol Bishops"]
[BlackTeam "KJCA Young Kestrels F"]

1. e4 c5 2. Nf3 Nc6 3. Bc4 e6 4. Nc3 Nf6 5. d3 d5 6. exd5 exd5 7. Bb5 Bg4 8. h3
Bh5 9. Bg5 Be7 10. Qe2 O-O 11. O-O-O Nd4 12. Qe3 a6 13. Rde1 Bxf3 14. gxf3 Nf5
15. Qe5 axb5 16. Kb1 g6 17. Nxd5 Nxd5 18. Bxe7 Ndxe7 19. Qxc5 Qa5 20. a3 Rfc8
21. Qe5 Qd2 22. Re2 Nc6 23. Qe4 Qg5 24. Ree1 Ncd4 25. c3 Nb3 26. f4 Nd2+ 0-1

[Event "Junior Online 4NCL Division 3"]
[Site "online"]
[Date "2020.10.29"]
[Round "6.74"]
[White "Shkuratovskyi, Makariy"]
[Black "Bleeg, Julian"]
[Result "1-0"]
[WhiteElo "1375"]
[BlackElo "797"]
[PlyCount "105"]
[EventDate "2020.10.29"]
[WhiteTeam "KJCA Young Kestrels F"]
[BlackTeam "Bristol Bishops"]

1. e4 e5 2. Nf3 Nc6 3. Bc4 Bc5 4. c3 Nf6 5. d4 exd4 6. cxd4 Bb4+ 7. Bd2 Bxd2+
8. Nbxd2 O-O 9. O-O d5 10. exd5 Nxd5 11. Bxd5 Qxd5 12. Nb3 Bg4 13. h3 Bxf3 14.
Qxf3 Qxf3 15. gxf3 Rfd8 16. Rad1 Rd7 17. Rd2 Rad8 18. Rfd1 a5 19. d5 Ne5 20.
Kg2 Nc4 21. Rc2 Nb6 22. Nxa5 Rxd5 23. Rxd5 Rxd5 24. Nxb7 Rg5+ 25. Kh2 Nd5 26.
Rc5 h6 27. a4 Nf4 28. Rxg5 hxg5 29. Kg3 Nd3 30. b3 Kh7 31. a5 Nb4 32. Nc5 Nc6
33. a6 Kg8 34. b4 Kf8 35. b5 Na7 36. Kg4 Nxb5 37. Kxg5 Ke7 38. f4 Kd6 39. Nb7+
Kd7 40. f5 Na7 41. f6 gxf6+ 42. Kxf6 Ke8 43. h4 c6 44. h5 Kf8 45. Nd6 c5 46. h6
Kg8 47. Nxf7 c4 48. Ne5 c3 49. Nd3 c2 50. f4 Nb5 51. Kg6 Kh8 52. f5 Nc3 53. a7
1-0

[Event "Junior Online 4NCL Division 3"]
[Site "online"]
[Date "2020.10.29"]
[Round "6.75"]
[White "Adatia, Amar"]
[Black "Bleeg, Elliott"]
[Result "0-1"]
[WhiteElo "1457"]
[BlackElo "1307"]
[PlyCount "116"]
[EventDate "2020.10.29"]
[WhiteTeam "KJCA Young Kestrels F"]
[BlackTeam "Bristol Bishops"]

1. d4 d5 2. c4 e6 3. a3 Nf6 4. Bg5 Be7 5. Nc3 c6 6. Nf3 h6 7. Bh4 O-O 8. e3
Nbd7 9. cxd5 Nxd5 10. Bxe7 Qxe7 11. Nxd5 exd5 12. Bd3 c5 13. dxc5 Nxc5 14. O-O
Bg4 15. Be2 Qd6 16. b4 Ne4 17. Rc1 Rac8 18. Qb3 Bxf3 19. Bxf3 Nd2 20. Qxd5 Nxf1
21. Rxf1 Qxd5 22. Bxd5 Rc3 23. a4 Ra3 24. a5 Ra4 25. Bxb7 Rxb4 26. a6 Rb6 27.
g3 Re8 28. Kg2 Rb2 29. e4 Re6 30. Kh3 Rf6 31. f4 g5 32. f5 h5 33. Rc1 g4+ 34.
Kh4 Rxh2+ 35. Kg5 Kg7 36. Rc8 Rh6 37. Ra8 h4 38. Kxg4 hxg3 39. Rxa7 g2 40. Ra8
g1=Q+ 41. Kf4 Rf2+ 42. Ke5 f6+ 43. Ke6 Re2 44. a7 Qb6+ 45. Kd5 Rd2+ 46. Kc4
Qxb7 47. Re8 Rc2+ 48. Kd3 Qd7+ 49. Kxc2 Qxe8 50. Kd3 Qa8 51. Kd4 Qxa7+ 52. Kd5
Rh4 53. e5 Qa5+ 54. Ke6 Qxe5+ 55. Kd7 Rd4+ 56. Kc6 Rd6+ 57. Kc7 Qe7+ 58. Kc8
Rd8# 0-1

[Event "Junior Online 4NCL Division 3"]
[Site "online"]
[Date "2020.10.29"]
[Round "6.76"]
[White "Gunatilake, Dyansa"]
[Black "Gaekwad, Ankit"]
[Result "0-1"]
[WhiteElo "1202"]
[BlackElo "1517"]
[PlyCount "56"]
[EventDate "2020.10.29"]
[WhiteTeam "Bristol Bishops"]
[BlackTeam "KJCA Young Kestrels F"]

1. e4 e6 2. Nf3 d5 3. exd5 exd5 4. d4 c6 5. Nc3 Nf6 6. Bf4 Be7 7. Bd3 O-O 8.
O-O Nbd7 9. Re1 Nb6 10. h3 Re8 11. Qd2 Be6 12. Rad1 Nc4 13. Bxc4 dxc4 14. b3
cxb3 15. cxb3 Nd5 16. Nxd5 Bxd5 17. Qd3 Bb4 18. Rxe8+ Qxe8 19. Ng5 g6 20. Be5
Be7 21. Re1 Bxg5 22. Bg3 Qxe1+ 23. Kh2 Re8 24. f3 Re3 25. Bxe1 Rxd3 26. g3 Rxf3
27. b4 Rf1 28. Bc3 Rh1# 0-1

[Event "Junior Online 4NCL Division 3"]
[Site "online"]
[Date "2020.10.29"]
[Round "6.77"]
[White "Barton, Ben"]
[Black "Saha, Soumil"]
[Result "1-0"]
[WhiteElo "1442"]
[BlackElo "1060"]
[PlyCount "119"]
[EventDate "2020.10.29"]
[WhiteTeam "KJCA Young Kestrels F"]
[BlackTeam "Bristol Bishops"]

1. e4 e5 2. d4 exd4 3. c3 dxc3 4. Bc4 cxb2 5. Bxb2 Bb4+ 6. Kf1 b5 7. Bxf7+ Kxf7
8. Qb3+ Ke8 9. Qxb4 Ne7 10. Bxg7 Rg8 11. Bf6 d6 12. Qxb5+ Kf7 13. Bxe7 Qxe7 14.
Qd5+ Kf8 15. Qxa8 Qe5 16. Qxb8 Qxa1 17. Qxc8+ Kg7 18. Qg4+ Kh8 19. Qd1 Rb8 20.
Nc3 Qxc3 21. Ne2 Qb2 22. g3 Qxa2 23. Qd4+ Kg8 24. Qd5+ Qxd5 25. exd5 Rb1+ 26.
Kg2 Rxh1 27. Kxh1 a6 28. Nd4 a5 29. Nb5 a4 30. Kg2 Kf7 31. Kf3 Kf6 32. Ke4 Ke7
33. f4 Kd7 34. Kf5 c6 35. dxc6+ Kxc6 36. Na3 Kc5 37. Ke6 Kb4 38. f5 Kxa3 39. f6
Kb3 40. f7 a3 41. f8=Q a2 42. Qf3+ Kb2 43. Qb7+ Ka3 44. Qa6+ Kb2 45. Qb5+ Ka3
46. Qa5+ Kb3 47. Kxd6 Kb2 48. Qb4+ Kc2 49. Qc4+ Kb2 50. Qxa2+ Kxa2 51. Ke7 Kb2
52. Kf7 Kc2 53. Kg7 Kc3 54. Kxh7 Kd4 55. g4 Ke5 56. h4 Kf4 57. g5 Kf5 58. g6
Kf6 59. g7 Kf7 60. g8=Q+ 1-0

[Event "Junior Online 4NCL Division 3"]
[Site "online"]
[Date "2020.10.29"]
[Round "6.78"]
[White "Bleeg, Julian"]
[Black "Shkuratovskyi, Makariy"]
[Result "0-1"]
[WhiteElo "797"]
[BlackElo "1375"]
[PlyCount "64"]
[EventDate "2020.10.29"]
[WhiteTeam "Bristol Bishops"]
[BlackTeam "KJCA Young Kestrels F"]

1. e4 e5 2. Nf3 Nf6 3. Nc3 Bb4 4. a3 Bxc3 5. dxc3 Nxe4 6. Qe2 d5 7. Nxe5 Qe7 8.
Qb5+ c6 9. Qe2 Qxe5 10. f3 Bf5 11. g4 Bg6 12. fxe4 Qxe4 13. Qxe4+ Bxe4 14. Rg1
Bxc2 15. Kd2 Bg6 16. h4 h6 17. h5 Bh7 18. Rg3 O-O 19. Re3 Nd7 20. Re7 Rad8 21.
Bh3 Rfe8 22. Rxe8+ Rxe8 23. g5 Nb6 24. gxh6 gxh6 25. b3 Re5 26. Kd1 Rxh5 27.
Bg4 Rh4 28. Bf3 Be4 29. Be2 Rh2 30. Bg4 f5 31. Be2 h5 32. Bf4 Rh1+ 0-1

[Event "Junior Online 4NCL Division 3"]
[Site "online"]
[Date "2020.10.29"]
[Round "6.81"]
[White "Knight, Michael D"]
[Black "Ahmad, Amelia"]
[Result "1/2-1/2"]
[WhiteElo "1075"]
[BlackElo "850"]
[PlyCount "79"]
[EventDate "2020.10.29"]
[WhiteTeam "Uxbridge JAMMA"]
[BlackTeam "Blue Foxes"]

1. e4 e5 2. Nf3 Nc6 3. Bc4 Bc5 4. d3 Nh6 5. O-O Ng4 6. h3 Nf6 7. Bd2 O-O 8. Nc3
Nd4 9. Nd5 Nxf3+ 10. Qxf3 Nxd5 11. Bxd5 c6 12. Bc4 b5 13. Bb3 d5 14. exd5 cxd5
15. Bxd5 Rb8 16. b4 Bd4 17. c3 Be6 18. Bxe6 fxe6 19. cxd4 Rxf3 20. gxf3 Qxd4
21. Rac1 Qxd3 22. Be3 Rf8 23. Rcd1 Qg6+ 24. Kh2 Rxf3 25. Rg1 Qc2 26. Rd8+ Kf7
27. Rd7+ Ke8 28. Rgxg7 Rxe3 29. Rge7+ Kf8 30. Rf7+ Ke8 31. Rfe7+ Kf8 32. Rf7+
Kg8 33. Rg7+ Kh8 34. Rxh7+ Kg8 35. Rhg7+ Kf8 36. Rgf7+ Ke8 37. Rfe7+ Kf8 38.
Rf7+ Kg8 39. Rg7+ Kf8 40. Rgf7+ 1/2-1/2

[Event "Junior Online 4NCL Division 3"]
[Site "online"]
[Date "2020.10.29"]
[Round "6.82"]
[White "Harper, Lauren"]
[Black "Dhir, Jai Alexander"]
[Result "0-1"]
[WhiteElo "767"]
[BlackElo "1000"]
[PlyCount "62"]
[EventDate "2020.10.29"]
[WhiteTeam "Blue Foxes"]
[BlackTeam "Uxbridge JAMMA"]

1. e4 e5 2. Nc3 Nc6 3. Bb5 Nge7 4. Nf3 a6 5. d3 axb5 6. Nxb5 Nd4 7. Nfxd4 exd4
8. Nxd4 c5 9. Nf3 Nc6 10. O-O Bd6 11. Bg5 Be7 12. Kh1 Bxg5 13. g3 O-O 14. h4
Be7 15. Nd2 d5 16. exd5 Qxd5+ 17. Kh2 b5 18. c4 bxc4 19. dxc4 Qf5 20. Nb3 Nd4
21. Nxd4 cxd4 22. Qxd4 Qh3+ 23. Kg1 Bb7 24. f3 Qxg3+ 25. Kh1 Bxf3+ 26. Rxf3
Qxf3+ 27. Kg1 Bf6 28. Qd5 Qg4+ 29. Qg2 Bd4+ 30. Kf1 Qf4+ 31. Qf2 Qxf2# 0-1

[Event "Junior Online 4NCL Division 3"]
[Site "online"]
[Date "2020.10.29"]
[Round "6.84"]
[White "Mehta, Zara"]
[Black "Tang, Kei Hon"]
[Result "1-0"]
[WhiteElo "775"]
[BlackElo "925"]
[PlyCount "55"]
[EventDate "2020.10.29"]
[WhiteTeam "Blue Foxes"]
[BlackTeam "Uxbridge JAMMA"]

1. e4 Nf6 2. Nf3 Nxe4 3. Nc3 f5 4. Nxe4 fxe4 5. Ng5 d5 6. d4 exd3 7. cxd3 d4 8.
Qh5+ g6 9. Qf3 Bh6 10. Qf4 Nc6 11. Qh4 Ne5 12. Qxh6 e6 13. Nxe6 Bxe6 14. Qg7
Qd6 15. Qxh8+ Qf8 16. Qxf8+ Kxf8 17. Be2 a5 18. Kd2 b5 19. b3 a4 20. bxa4 bxa4
21. Ba3+ Kf7 22. f4 Ra5 23. fxe5 Rxe5 24. Rhb1 Rh5 25. Bxh5 gxh5 26. Rb7 Bc8
27. Rxc7+ Kg6 28. Rxc8 1-0

[Event "Junior Online 4NCL Division 3"]
[Site "online"]
[Date "2020.10.29"]
[Round "6.85"]
[White "Ahmad, Amelia"]
[Black "Knight, Michael D"]
[Result "0-1"]
[WhiteElo "850"]
[BlackElo "1075"]
[PlyCount "50"]
[EventDate "2020.10.29"]
[WhiteTeam "Blue Foxes"]
[BlackTeam "Uxbridge JAMMA"]

1. e4 e6 2. Nf3 d5 3. exd5 exd5 4. Qe2+ Be7 5. c3 Bf5 6. Nd4 g6 7. Nxf5 gxf5 8.
Na3 Nc6 9. Nb5 a5 10. d3 Nf6 11. Bh6 Qd7 12. Bg7 Rg8 13. Bxf6 O-O-O 14. Bxe7
Nxe7 15. Na7+ Kb8 16. Nb5 c6 17. Nd4 Rge8 18. Qc2 Ng6+ 19. Be2 c5 20. Nf3 Nf4
21. Ng1 Qe7 22. Kd1 c4 23. d4 Nd3 24. Kd2 Nxf2 25. Bf1 Qe3# 0-1